<?xml version="1.0" encoding="UTF-8"?>
<record
    xmlns:xsi="http://www.w3.org/2001/XMLSchema-instance"
    xsi:schemaLocation="http://www.loc.gov/MARC21/slim http://www.loc.gov/standards/marcxml/schema/MARC21slim.xsd"
    xmlns="http://www.loc.gov/MARC21/slim">

  <leader>00344nam a22001337a 4500</leader>
  <controlfield tag="005">20251217120230.0</controlfield>
  <controlfield tag="008">251217b        |||||||| |||| 00| 0 eng d</controlfield>
  <datafield tag="020" ind1=" " ind2=" ">
    <subfield code="a">978-936-84083-27-4</subfield>
  </datafield>
  <datafield tag="100" ind1=" " ind2=" ">
    <subfield code="a">Adhav, S. R. &amp; Others</subfield>
    <subfield code="9">215864</subfield>
  </datafield>
  <datafield tag="245" ind1=" " ind2=" ">
    <subfield code="a">Organic Chemistry - I  (S.Y.B.Sc. )  Sem- IV</subfield>
  </datafield>
  <datafield tag="260" ind1=" " ind2=" ">
    <subfield code="a">Pune</subfield>
  </datafield>
  <datafield tag="300" ind1=" " ind2=" ">
    <subfield code="a">Nirali</subfield>
  </datafield>
  <datafield tag="942" ind1=" " ind2=" ">
    <subfield code="c">BK</subfield>
  </datafield>
  <datafield tag="999" ind1=" " ind2=" ">
    <subfield code="c">369397</subfield>
    <subfield code="d">369397</subfield>
  </datafield>
  <datafield tag="952" ind1=" " ind2=" ">
    <subfield code="0">0</subfield>
    <subfield code="1">0</subfield>
    <subfield code="2">ddc</subfield>
    <subfield code="4">0</subfield>
    <subfield code="7">0</subfield>
    <subfield code="a">SSMM</subfield>
    <subfield code="b">SSMM</subfield>
    <subfield code="d">2025-12-17</subfield>
    <subfield code="e">Nirali</subfield>
    <subfield code="g">170.00</subfield>
    <subfield code="i">5344</subfield>
    <subfield code="l">0</subfield>
    <subfield code="p">SSMM-BK-32839</subfield>
    <subfield code="r">2025-12-17 10:50:00</subfield>
    <subfield code="w">2025-12-13</subfield>
    <subfield code="y">BK</subfield>
    <subfield code="z">010032839</subfield>
  </datafield>
  <datafield tag="952" ind1=" " ind2=" ">
    <subfield code="0">0</subfield>
    <subfield code="1">0</subfield>
    <subfield code="2">ddc</subfield>
    <subfield code="4">0</subfield>
    <subfield code="7">0</subfield>
    <subfield code="a">SSMM</subfield>
    <subfield code="b">SSMM</subfield>
    <subfield code="d">2025-12-17</subfield>
    <subfield code="e">Nirali</subfield>
    <subfield code="g">170.00</subfield>
    <subfield code="i">5344</subfield>
    <subfield code="l">0</subfield>
    <subfield code="p">SSMM-BK-32840</subfield>
    <subfield code="r">2025-12-17 10:50:00</subfield>
    <subfield code="w">2025-12-13</subfield>
    <subfield code="y">BK</subfield>
    <subfield code="z">010032840</subfield>
  </datafield>
  <datafield tag="952" ind1=" " ind2=" ">
    <subfield code="0">0</subfield>
    <subfield code="1">0</subfield>
    <subfield code="2">ddc</subfield>
    <subfield code="4">0</subfield>
    <subfield code="7">0</subfield>
    <subfield code="a">SSMM</subfield>
    <subfield code="b">SSMM</subfield>
    <subfield code="d">2025-12-17</subfield>
    <subfield code="e">Nirali</subfield>
    <subfield code="g">170.00</subfield>
    <subfield code="i">5344</subfield>
    <subfield code="l">0</subfield>
    <subfield code="p">SSMM-BK-32841</subfield>
    <subfield code="r">2025-12-17 10:50:00</subfield>
    <subfield code="w">2025-12-13</subfield>
    <subfield code="y">BK</subfield>
    <subfield code="z">010032841</subfield>
  </datafield>
  <datafield tag="952" ind1=" " ind2=" ">
    <subfield code="0">0</subfield>
    <subfield code="1">0</subfield>
    <subfield code="2">ddc</subfield>
    <subfield code="4">0</subfield>
    <subfield code="7">0</subfield>
    <subfield code="a">SSMM</subfield>
    <subfield code="b">SSMM</subfield>
    <subfield code="d">2025-12-17</subfield>
    <subfield code="e">Nirali</subfield>
    <subfield code="g">170.00</subfield>
    <subfield code="i">5344</subfield>
    <subfield code="l">0</subfield>
    <subfield code="p">SSMM-BK-32842</subfield>
    <subfield code="r">2025-12-17 10:50:00</subfield>
    <subfield code="w">2025-12-13</subfield>
    <subfield code="y">BK</subfield>
    <subfield code="z">010032842</subfield>
  </datafield>
  <datafield tag="952" ind1=" " ind2=" ">
    <subfield code="0">0</subfield>
    <subfield code="1">0</subfield>
    <subfield code="2">ddc</subfield>
    <subfield code="4">0</subfield>
    <subfield code="7">0</subfield>
    <subfield code="a">SSMM</subfield>
    <subfield code="b">SSMM</subfield>
    <subfield code="d">2025-12-17</subfield>
    <subfield code="e">Nirali</subfield>
    <subfield code="g">170.00</subfield>
    <subfield code="i">5344</subfield>
    <subfield code="l">0</subfield>
    <subfield code="p">SSMM-BK-32843</subfield>
    <subfield code="r">2025-12-17 10:50:00</subfield>
    <subfield code="w">2025-12-13</subfield>
    <subfield code="y">BK</subfield>
    <subfield code="z">010032843</subfield>
  </datafield>
</record>
